000 01393nam0a22003251 4500
001 rc\3454486
005 20260406170234.0
021 _aRU
_b[70-64078]
035 _a(NLR Aleph) 007893200
090 _a7991145
_c7991145
100 _a20130115d1970 |||y0rusy50 ca
101 0 _arus
102 _aRU
105 _ay z |||||
200 1 _aОсвоение новых предприятий
_fПод общ. ред. М.Т. Мелешкина
_gАН УССР. Ин-т экономики. Львовское отд-ние
210 _aЛьвов
_cИзд-во Львовского ун-та
_d1970
215 _a419 с.
_cграф.
_d22
300 _aНа обороте тит. л. авт.: П.Е. Беленький, А.Ф. Гаевский, А.П. Зайцев и др.
320 _aБиблиогр.: с. 417-418
606 _aПромышленные предприятия
_xОсвоение проектной мощности
_2psbo
701 1 _aБеленький
_bП.Е.
701 1 _aЗайцев
_bА.П.
701 1 _aГаевский
_bА.Ф.
702 1 _aМелешкин
_bМ.Т.
_gМихаил Тимофеевич
_4340
712 0 2 _aИнститут экономики
_cКиев
_bЛьвовское отделение
_3RU\NLR\AUTH\889937513
_9369857
801 0 _aRU
_bNLR
_gpsbo
801 1 _aRU
_bELAR
_2rusmarc
852 _aNLR
_j70-5/3279
942 _cBOOK
980 _aNB